| 000 | 01141 a2200181 4500 | ||
|---|---|---|---|
| 003 | Nust | ||
| 005 | 20221220112511.0 | ||
| 040 | _cNust | ||
| 082 | _a621.384,RID | ||
| 100 |
_aJohn F Rider _9105310 |
||
| 245 |
_aHow it works incorporating complete : _bindex for perpetual trouble shooter's manual / _cJohn F Rider |
||
| 260 |
_aNew York _bJohn F Rider Publisher _c1947 |
||
| 300 |
_a300 p _billus _c26 cm |
||
| 505 | _aAligning Without Manufacturer Data (Page-1), The Double Superheterodyne (Page-14), Home Recording Features (Page-23), Biasing Methods (Page-35), Neutralization (Page-39), Parasitic Resistors (Page-43), General Discussion of Superheterodyne Oscillators (Page-47), Tuning Assemblies (Page-67), Control Circuits (Page-73), Gimmicks (Page-84), Filtering Action (Page-93), Radio Frequency Coupling (Page-98), Mechanical Arrangements of if Transformers in Recent Receivers (Page-132), Phase Inversion in Push Pull Amplifiers (Page-147), Fm Circuit Features (Page-161). | ||
| 600 |
_aJohn F Rider _9105310 |
||
| 650 |
_aHow it works incorporating complete index for perpetual trouble shooter's manual _9105311 |
||
| 942 |
_2ddc _cBK |
||
| 999 |
_c183151 _d183151 |
||